000 00371nam a2200145Ia 4500
008 191201s2009 xx 000 0 und d
082 _a658.3
_bSHW
100 _aSHARMA, Dhiraj
245 0 _aWorking Capital Management A Conceptual Approach
250 _aRep
260 _aN.Delhi
_bHimalaya Publication House
_c2009
300 _a233
650 _aMBA
942 _2ddc
_cBK
999 _c4266
_d4266